LEADER 01111cam0 22003013 450 001 SOB020973 005 20121106094147.0 010 $a8470394886 100 $a03.07.07d1987 |||||ita|0103 ba 101 $aspa 102 $aSP 200 1 $aPoemas Humanos$aEspaña, aparta de mí este cáliz$fCésar Vallejo$gedición, introducción y notas de Francisco Martínez García 210 $aMadrid$cEditorial Castalia$d1987 215 $a270 p.$cill.$d18 cm 225 2 $aClásicos Castalia$v159 410 1$1001LAEC00015905$12001 $a*Clásicos Castalia$v159 700 1$aVallejo$b, César$3AF00013087$4070$0385000 702 1$aMartínez García, Francisco$3AF00023166$4070 801 0$aIT$bUNISOB$c20121106$gRICA 850 $aUNISOB 852 $aUNISOB$j860|Coll|3|K$m111390 912 $aSOB020973 940 $aM 102 Monografia moderna SBN 941 $aM 957 $a860|Coll|3|K$b000159$gSI$d111390$racquisto$tN$1vittorini$2UNISOB$3UNISOB$420121106093801.0$520121106093852.0$6vittorini 996 $aEspaña, aparta de mí este cáliz$9100146 996 $aPoemas humanos$9100145 997 $aUNISOB LEADER 01011nam 2200301z- 450 001 9910694163703321 005 20090724073643.0 035 $a(CKB)4920000000789164 035 $a(BIP)016442816 035 $a(EXLCZ)994920000000789164 100 $a20220104c2006uuuu -u- - 101 0 $aeng 200 14$aThe economic outlook $ehearing before the Joint Economic Committee, Congress of the United States, One Hundred Ninth Congress, first session, November 3, 2005 215 $a1 online resource (iii, 46 p.) $cill 311 $a0-16-077212-5 517 $aEconomic outlook 606 $aMonetary policy$zUnited States 607 $aUnited States$xEconomic conditions$y2001-2009 607 $aUnited States$xEconomic policy$y2001-2009 610 $aMonetary policy 610 $aUnited States 610 $aBusiness & economics 610 $aPolitical science 615 0$aMonetary policy 906 $aBOOK 912 $a9910694163703321 996 $aThe economic outlook$93129303 997 $aUNINA